000 00818nam a22002532 4500
001 13346
003 BD-RjUL
005 20211208235435.0
008 140130t1954 e ao||| |||| 001 0 eng d
035 _a(BD-RjUL)13397
040 _aMDU
_cMDU
_dUKM
_dEQO
_dBD-RjUL
_beng
041 _aeng
082 0 4 _a618.24
_218
_bCHC 1954
090 _aRG973
_b.C46 1954
100 1 _aChappell, Marjorie F.
_941588
245 1 0 _aChildbirth: theory and practical training /
_cby Marjorie F. Chappell ; foreword by C. Keith Vartan.
260 _aEdinburgh :
_bE. & S. Livingstone,
_c1954.
300 _aviii, 128 p. :
_bill. ;
_c19 cm.
504 _aIncludes index.
650 0 _aChildbirth
_xStudy and teaching.
_941589
650 0 _aObstetrics
_xStudy and teaching.
_941590
650 0 _aLabor (Obstetrics)
_941591
942 _2ddc
_cBK
999 _c13346
_d13346